A Superlative for Every English County - Statistics

General Stats
  • This quiz has been taken 14 times
  • The average score is 15 of 48
Answer Stats
Type Category County % Correct
Geography & Climate Most Populous Greater London
100%
Geography & Climate Largest Area North Yorkshire
92%
Geography & Climate Lowest Population Density Northumberland
75%
History Oldest University Oxfordshire
75%
History Most Stone Henges Wiltshire
75%
Geography & Climate Longest Coastline Cornwall
67%
Engineering & Industry Fewest Train Stations Rutland
67%
Culture Most English Football Titles Greater Manchester
58%
History First Capital City of England Hampshire
58%
Geography & Climate Easternmost Suffolk
58%
Geography & Climate Maximum Elevation Cumbria
50%
Geography & Climate Least Populous City of London
42%
Miscellaneous Longest Name East Riding of Yorkshire
33%
Geography & Climate Highest Tidal Surge Gloucestershire
33%
Geography & Climate Most Yearly Average Sunshine Isle of Wight
33%
Geography & Climate Hardest Tap Water Kent
33%
Geography & Climate Most Land Borders Northamptonshire
33%
Culture First Rugby Match (alleged) Warwickshire
33%
Geography & Climate Minimum Elevation Cambridgeshire
25%
Miscellaneous Lowest Average House Price County Durham
25%
Geography & Climate Highest Horse Concentration Devon
25%
Geography & Climate Lowest Crime Rate per Capita Dorset
25%
Miscellaneous Largest Cave Network Nottinghamshire
25%
Culture Oldest Football Club South Yorkshire
25%
History Oldest Human Fossils Discovered West Sussex
25%
Engineering & Industry Largest Aircraft Hangars Bedfordshire
17%
Culture Most National Trust Properties Buckinghamshire
17%
Engineering & Industry Greatest Salt Production Cheshire
17%
Geography & Climate Furthest from the Coast (by Furthest Point) Derbyshire
17%
Geography & Climate Least Annual Rainfall Essex
17%
Engineering & Industry Greatest Cider Production Herefordshire
17%
Engineering & Industry First Roundabout Hertfordshire
17%
Geography & Climate Hottest Recorded Temperature Lincolnshire
17%
Engineering & Industry Largest Cathedral Merseyside
17%
Engineering & Industry Highest Concentration of Churches Norfolk
17%
Geography & Climate Most Distinct AONBs Somerset
17%
Geography & Climate Highest Proportion Covered by Woodland Surrey
17%
History First Purpose Built Lifeboat Tyne and Wear
17%
Geography & Climate Oldest Tree Berkshire
8%
Culture Oldest Continuously Working Theatre Bristol
8%
Engineering & Industry Deepest Water Well East Sussex
8%
Engineering & Industry Longest Distance of Motorway Lancashire
8%
History Oldest Animal Fossils Discovered Leicestershire
8%
Geography & Climate Coldest Recorded Temperature Shropshire
8%
Geography & Climate Furthest from the Coast (by Closest Point) West Midlands
8%
Engineering & Industry Tallest Freestanding Structure West Yorkshire
8%
Culture Longest Running Music Festival Worcestershire
8%
Engineering & Industry Most Motorway Services Staffordshire
0%
No matching quizzes found
Score Distribution
Percent of People with Each Score
Percentile by Number Answered
Your Score History
You have not taken this quiz